000 01903nam a2200253 4500
001 0000000571
005 20250329165447.0
008 170718s2009 000 0 eng d
040 _aCO-CtgCURN
_bspa
_ccoctgcurn
082 0 _aINS 2009
_bB565
100 1 _aBetter Jimenez, Roberth.
245 1 0 _aDiseño e implementación de un controlador difuso con conjuntos rectos utilizando micro controladores pic /
_cRoberth Better Jimenez; Carlos Andres Lorduy Vergara; Ali Guillermo Bossa Salvador; Director: Luis Fernando Murillo Fernandez.
260 _aCartagena de Indias :
_bCorporacion Universitaria Rafael Nuñez,
_c2009.
504 _aTrabajo de grado (Ingeniero de Sistemas). Corporacion Universitaria Rafael Nuñez. Facultad de Ingenieria. Ingenieria de Sistemas, 2009.
520 _aLa logica difusa ha cobrado una fama grande por la variedad de sus aplicaciones, las cuales van desde el control de complejos procesos industriales, hasta el diseño de dispositivos artificiales de deduccion automatica, pasando por la construccion de artefactos electronicos de uso domestico y de entretenimiento, asi como tambien de sistemas de diagnostico. De hecho, desde hace ya, al menos, decada y media, la expedicion de patentes industriales de mecanismos basados en la logica difusa tiene un crecimiento sumamente rapido en todas las naciones industrializadas del orbe.
650 0 _aIngenieria de sistemas
_xTesis y disertaciones academicas.
700 1 _aBetter Jimenez, Roberth.
700 1 _aLorduy Vergara, Carlos Andres.
700 1 _aBossa Salvador, Ali Guillermo.
700 1 _aMurillo Fernandez, Luis Fernando.
856 7 _uhttps://unicurn.sharepoint.com/:b:/s/biblioteca/EVQsu9UDV4BOgvr6RIsnRdAB5Bfos_pLPytVl5dgvb16RQ?e=MhcdBe
_zClick aqui para ver el texto completo
942 _hINS 2009
_iB565
_2ddc
_cTG
999 _c4740
_d4740